Answers Contain "Nut" 🌰 - Statistics

General Stats
  • This quiz has been taken 69 times
  • The average score is 4 of 10
Answer Stats
Hint Answer % Correct
Popular chocolate-hazelnut spread Nutella
95%
1892 two-act classical ballet by Pyotr Ilyich Tchaikovsky The Nutcracker
87%
Planters mascot with top hat, cane, and monocle Mr. Peanut
62%
1963 Jerry Lewis comedy, or its 1996 Eddie Murphy remake The Nutty Professor
59%
Peanut-shaped cookie brand, owned by Nabisco Nutter Butter
46%
The basics, the nitty-gritty nuts and bolts
38%
Nickname for Connecticut Nutmeg State
16%
Buckwheat Boyz song, became meme with dancing banana Peanut Butter & Jelly
15%
2019 Shia LaBeouf comedy-drama {Peanut} {Butter} {Falcon}
8%
Swing and jazz band of 1996's "Hell" {Squirrel} {Nut} {Zippers}
8%
No matching quizzes found
Score Distribution
Percent of People with Each Score
Percentile by Number Answered
Your Score History
You have not taken this quiz